000 00296nam a22001337a 4500
008 170609b xxu||||| |||| 00| 0 eng d
020 _a9780766021501
041 _aeng
080 _a338
100 _a19
101 _ashp
245 _aTHE POLITICS OF SLAVERY
_cALTMAN.L.J
942 _2udc
_cBK
999 _c16672
_d16672